LEADER 02319nam0 22004333i 450 001 RAV0211745 005 20251003044327.0 010 $a8815034471 100 $a19930304d1992 ||||0itac50 ba 101 | $aita 102 $ait 181 1$6z01$ai $bxxxe 182 1$6z01$an 200 1 $aCambiamento tecnologico e occupazione$erecenti modelli di disoccupazione tecnologica$fPaolo Pini 210 $aBologna$cIl mulino$d[1992] 215 $a348 p.$d22 cm. 225 | $aStudi e ricerche$v309 410 0$1001CFI0001423$12001 $aStudi e ricerche$v309 606 $aDisoccupazione$2FIR$3CFIC002714$9E 606 $aProgresso tecnico e occupazione$2FIR$3CFIC018958$9I 676 $a331.12$9MERCATO DEL LAVORO$v21 676 $a331.125$9MERCATO DEL LAVORO. IMPIEGO ATTIVO$v19 676 $a331.13$9$v12 676 $a331.137$9DISFUNZIONI DEL MERCATO DEL LAVORO. DISOCCUPAZIONE$v21 676 $a331.137042$9DISOCCUPAZIONE TECNOLOGICA$v19 676 $a331.137042$9DISOCCUPAZIONE TECNOLOGICA$v20 676 $a331.137042$9Economia del lavoro. Disoccupazione tecnologica$v21 676 $a331.137042$9$v23 700 1$aPini$b, Paolo$f <1956- >$3CFIV092551$4070$089096 801 3$aIT$bIT-000000$c19930304 850 $aIT-BN0095 $aIT-NA0457 901 $bNAP BI$cSALA 3 $nLibri da 1597 a 3785 901 $bNAP 01$cPOZZO LIB.$nVi sono collocati fondi di economia, periodici di ingegneria e scienze, periodici di economia e statistica e altri fondi comprendenti documenti di economia pervenuti in dono. 901 $bNAP 01$cBCA $nComprende monografie e periodici di diritto, testi di ingegneria, di scienze e tecnologia di nuova acquisizione. 912 $aRAV0211745 950 0$aBiblioteca Centralizzata di Ateneo$c1 v. in 2 copie$d 01POZZO LIB.ECON MON 3391$e 0101 0000118095E VMA 1 v.$fB $h20210318$i20210318$c1 v. in 2 copie$d 01POZZO LIB.ECON MON 3391$e 0101 0700755555E VMA (bis 1 v. (2. copia. Precedente collocazione 7 EC 555)$fB $h20220805$i20220805$c1 v.$d 01BCA SC. SOCIAL 324$e 01 0000004645 VMA A4 1 v.$fB $h20210901$i20210901 977 $a 01$a BI 996 $aCambiamento tecnologico e occupazione$91768230 997 $aUNISANNIO